| 000 | 00854nam a2200229 a 4500 | ||
|---|---|---|---|
| 005 | 20210223130609.0 | ||
| 008 | 080821s1985 mx r 000 0 spa d | ||
| 035 | _aUPN01000159426 | ||
| 049 | _aUNE | ||
| 080 | _a373.3 (540) =20 MOH No.157. | ||
| 100 | 1 | _aMohanty, Sunil Behari | |
| 245 | 1 | 0 |
_aUniversalization of primary education in India : _blessons of experience and pointers for action / _cby Sunil Behari Mohanty. |
| 260 |
_aParís : _bUNESCO ; _aNew York : _bUNICEF, _c1985. |
||
| 300 | _a16 p. | ||
| 440 | 0 |
_aNotes, comments... ; _v157 |
|
| 690 | _aEnseñanza primaria - Condiciones de vida - India | ||
| 690 | _aDemocratizacion de la educacion - Enseñanza primaria - India | ||
| 690 | _aIndia - Enseñanza primaria - Acceso a la educacion | ||
| 710 | 2 |
_aUNICEF _924085 |
|
| 710 | 2 | _aPrograma de Alimentación Mundial | |
| 905 | _aUNESCO | ||
| 999 |
_c131540 _d131540 |
||